LEADER 02542nam0 2200541 i 450 001 RAV0152095 005 20251003044325.0 010 $a8870752828 020 $aIT$b92-41 035 $a(OCoLC)797491401 100 $a20190624d1991 ||||0itac50 ba 101 | $aita 102 $ait 181 1$6z01$ai $bxxxe 182 1$6z01$an 183 1$6z01$anc$2RDAcarrier 200 1 $aˆLa ‰professione rivista$eˆi ‰periodici italiani e stranieri di biblioteconomia$fa cura di Elisabetta Pilia 210 $aMilano$cBibliografica$d\1991! 215 $a192 p.$d20 cm 225 | $aAtti e documenti$v19 300 $aIn testa al front.: Associazione italiana biblioteche, Sezione Sardegna 300 $aRelazioni presentate alla Giornata di studio tenuta a Cagliari nel 1990. 410 0$1001CFI0023995$12001 $aAtti e documenti$v19 606 $aPeriodici di biblioteconomia$2FIR$3BVEC018998$9I 676 $a016.02$9BIBLIOGRAFIE E CATALOGHI DI BIBLIOTECONOMIA$v14 676 $a016.02$9BIBLIOGRAFIE E CATALOGHI DI BIBLIOTECONOMIA$v19 676 $a016.02$9BIBLIOGRAFIE E CATALOGHI DI BIBLIOTECONOMIA$v20 676 $a016.02$9$v21 676 $a016.02$9BIBLIOGRAFIE E CATALOGHI DI OPERE SU SOGGETTI SPECIFICI O IN DISCIPLINE SPECIFICHE. Biblioteconomia e scienza dell'informazione.$v22 676 $a016.0205$9BIBLIOGRAFIE E CATALOGHI DI BIBLIOTECONOMIA. Seriali$v21 676 $a020.5$9$v12 676 $a020.5$9BIBLIOTECONOMIA E SCIENZA DELL'INFORMAZIONE. Pubblicazioni in serie$v21 696 $aBiblioteconomia$aPeriodici 699 $aPeriodici di biblioteconomia$xBiblioteconomia$xPeriodici 702 1$aPilia$b, Elisabetta$3RAVV062457 712 01$aAssociazione italiana biblioteche$b : Sezione Sardegna$3CFIV061996 791 02$aAssociazione italiana biblioteche$b : Sezione sarda$3CFIV074150$zAssociazione italiana biblioteche : Sezione Sardegna 801 3$aIT$bIT-000000$c20190624 850 $aIT-BN0095 $aIT-AV0172 $aIT-CE0014 $aIT-NA0079 901 $bNAP 14$cSALA AV $nPRIMA SALA BIBLIOTECA EX CARCERE BORBONICO AVELLINO 901 $bNAP 01$cSALA DING $n$ 901 $bNAP 24$cF. GEN. $n$ 901 $bNAP BN$cS.C. $n$ 912 $aRAV0152095 950 0$aBiblioteca Centralizzata di Ateneo$c1 v.$d 01SALA DING 016.02 PROR$e 0102 0000016425 VMA A4 1 v.$fY $h19950207$i20170512 977 $a 01$a 14$a 24$a BN 996 $aProfessione rivista$9154758 997 $aUNISANNIO LEADER 01284nam0 22002771i 450 001 UON00410789 005 20231205104739.443 100 $a20120730d2010 |0itac50 ba 101 $aita 102 $aIT 105 $a|||| ||||| 200 1 $aCristianesimo teologia filosofia$eStudi in onore di Alberto Siclari$fa cura di Fabio Rossi - Milano$eFranco Angeli, 2010 - 429 p. ; 23 cm. - Sul front.: Dipartimento di Filosofia, Facoltà di Lettere e Filosofia, Università degli studi di Parma 606 $aFILOSOFIA DELLA RELIGIONE$3UONC049512$2FI 606 $aRELIGIONE E FILOSOFIA$3UONC025630$2FI 606 $aSICLARI ALBERTO$xStudi$3UONC082370$2FI 620 $aIT$dMilano$3UONL000005 676 $a200.1$cReligione. Filosofia e teoria$v21 702 1$aROSSI$bFabio$3UONV181197 702 1$aSICLARI$bAlberto$3UONV152220 712 $aAngeli$3UONV277541$4650 801 $aIT$bSOL$c20260116$gRICA 899 $aSIBA - SISTEMA BIBLIOTECARIO DI ATENEO E ARCHIVIO STORICO$2UONSI 912 $aUON00410789 950 $aSIBA - SISTEMA BIBLIOTECARIO DI ATENEO E ARCHIVIO STORICO$dSI FS 2.0 0900 $eSI 1574 5 0900 $sBuono 996 $aCristianesimo, teologia, filosofia$9246352 997 $aUNIOR